000 00948nac a22003017a 4500
001 BR0501817
003 BR-BrBNA
005 20240105123132.0
008 230509b bl.|||m| |||| 00| 0 por d
040 _aBR-BrBNA
_bpor
_cBiblioteca Nacional de Agricultura
072 _aF01; L02
090 _a1980 BR0501817
100 1 _aCavalcanti, N. de B.
110 1 _aEMBRAPA Semi-Árido, Petrolina, PE (Brasil)
245 1 _aUtilização do mamãozinho-de-veado na alimentação dos animais na seca
260 3 _aPetrolina, PE (Brasil):
_c2004.
300 _a4 p.
490 _aInstruções Técnicas da EMBRAPA Semi-Árido (Brazil)
_vno. 60
_xISSN 1415-5095
650 _aJACARATIA
650 _aCARICACEAE
650 _aPRODUÇÃO VEGETAL
650 _aALIMENTO ALTERNATIVO
650 _aPLANTA MELÍFERA
650 _aNUTRIÇÃO ANIMAL
650 _aSECA
909 _a202312
_bLúcia Elande
_c55
_dLúcia Elande
942 _2AGRIS
_n0
_cMS
999 _c294135
_d294135